[Event "Kochan Memorial op 25th"]
[Site "Koszalin"]
[Date "2014.08.18"]
[Round "9"]
[White "Sowinski, Ryszard"]
[Black "Ciesielski, Jan"]
[Result "0-1"]
[WhiteElo "1535"]
[BlackElo "1290"]
[PlyCount "60"]
[EventDate "2014.08.10"]
[EventType "swiss"]
[EventRounds "9"]
[EventCountry "POL"]
[SourceTitle "CBM 161 Extra"]
[Source "ChessBase"]
[SourceDate "2014.08.29"]
[SourceVersion "1"]
[SourceVersionDate "2014.08.29"]
[SourceQuality "1"]

1. e4 d5 2. e5 Bf5 3. d4 c5 4. c3 e6 5. Bd3 Bxd3 6. Qxd3 Qb6 7. Nf3 f6 8. 0-0 fxe5 9. Nxe5 cxd4 10. cxd4 Nf6 11. Nd2 Nc6 12. Nb3 Ne4 13. Nxc6 Qxc6 14. Re1 Bb4 15. Re2 0-0 16. f3 Nf6 17. Bg5 Rae8 18. Kh1 Qd7 19. a3 Bd6 20. Rc1 Qf7 21. Rec2 Qh5 22. h4 Bg3 23. f4 Bxh4 24. Bxh4 Qxh4+ 25. Qh3 Qxf4 26. Rc3 Ng4 27. Rf3 Nf2+ 28. Rxf2 Qxf2 29. Nc5 Rf6 30. Nd3 Qxd4 0-1

[Event "Kochan Memorial op 25th"]
[Site "Koszalin"]
[Date "2014.08.15"]
[Round "6"]
[White "Kedziera, Izydor"]
[Black "Sowinski, Ryszard"]
[Result "1-0"]
[WhiteElo "1512"]
[BlackElo "1535"]
[PlyCount "89"]
[EventDate "2014.08.10"]
[EventType "swiss"]
[EventRounds "9"]
[EventCountry "POL"]
[SourceTitle "CBM 161 Extra"]
[Source "ChessBase"]
[SourceDate "2014.08.29"]
[SourceVersion "1"]
[SourceVersionDate "2014.08.29"]
[SourceQuality "1"]

1. e4 e5 2. Nf3 Nc6 3. Bb5 Nge7 4. d3 d6 5. Nc3 Bd7 6. Be3 a6 7. Ba4 b5 8. Bb3 Na5 9. 0-0 h6 10. Ne2 Nxb3 11. axb3 f5 12. exf5 Nxf5 13. Nc3 c6 14. d4 b4 15. Ne4 d5 16. Ng3 e4 17. Ne5 Ne7 18. f3 Qc7 19. fxe4 g6 20. Bf4 Qb6 21. Nxd7 Kxd7 22. Qg4+ Ke8 23. Be5 Rh7 24. Qe6 Qd8 25. exd5 Qxd5 26. Qg4 h5 27. Nxh5 Rxh5 28. Rae1 Rxe5 29. Rxe5 Rd8 30. Qxg6+ Kd7 31. Rxd5+ Nxd5 32. Rf7+ Be7 33. Qg4+ Kd6 34. Qg3+ Kd7 35. c4 bxc3 36. bxc3 a5 37. c4 Nb4 38. Qe5 Re8 39. Qxa5 Ke6 40. Qf5+ Kd6 41. c5+ Kc7 42. Qe5+ Kd8 43. Qb8+ Kd7 44. Qd6+ Kc8 45. Rxe7 1-0

[Event "Kochan Memorial op 24th"]
[Site "Koszalin"]
[Date "2013.08.16"]
[Round "8"]
[White "Sowinski, Ryszard"]
[Black "Bilczewska, Olga"]
[Result "1/2-1/2"]
[WhiteElo "1560"]
[BlackElo "1223"]
[PlyCount "32"]
[EventDate "2013.08.10"]
[EventType "swiss"]
[EventRounds "9"]
[EventCountry "POL"]
[SourceTitle "CBM 155 Extra"]
[Source "ChessBase"]
[SourceDate "2013.08.26"]
[SourceVersion "1"]
[SourceVersionDate "2013.08.26"]
[SourceQuality "1"]

1. d4 d5 2. c4 e6 3. Nc3 Nf6 4. Bf4 c6 5. e3 Nbd7 6. Bd3 dxc4 7. Bxc4 b5 8. Bd3 Bb7 9. Nf3 a6 10. a3 Be7 11. h3 0-0 12. Qc2 Rc8 13. 0-0 c5 14. Qe2 cxd4 15. exd4 Nb6 16. Be3 Nbd5 1/2-1/2

[Event "Kochan Memorial op 24th"]
[Site "Koszalin"]
[Date "2013.08.11"]
[Round "3"]
[White "Turzynska, Grazyna"]
[Black "Sowinski, Ryszard"]
[Result "0-1"]
[WhiteElo "1487"]
[BlackElo "1560"]
[PlyCount "119"]
[EventDate "2013.08.10"]
[EventType "swiss"]
[EventRounds "9"]
[EventCountry "POL"]
[SourceTitle "CBM 155 Extra"]
[Source "ChessBase"]
[SourceDate "2013.08.26"]
[SourceVersion "1"]
[SourceVersionDate "2013.08.26"]
[SourceQuality "1"]

1. e4 e5 2. Bc4 Nf6 3. d3 c6 4. Bg5 d6 5. Nc3 a5 6. a3 Be7 7. Nge2 0-0 8. 0-0 h6 9. Bd2 Bg4 10. f3 Be6 11. Bxe6 fxe6 12. f4 Nfd7 13. Be3 Bf6 14. Qd2 d5 15. exd5 exd5 16. fxe5 Bxe5 17. d4 Bd6 18. Rxf8+ Nxf8 19. Rf1 Nbd7 20. Nf4 Qh4 21. Rf3 Bxf4 22. Bxf4 Re8 23. Ne2 Nf6 24. Bg3 Qe4 25. Be5 N8d7 26. Re3 Qg6 27. Rg3 Qe4 28. Re3 Qg6 29. Nf4 Qf5 30. Nd3 b6 31. b4 a4 32. h3 Ne4 33. Qe1 Qg5 34. Bf4 Qf5 35. g4 Qf6 36. c3 Rf8 37. Kg2 Qg6 38. Bg3 Qf7 39. Nf4 Ndf6 40. Nd3 Nd7 41. Nf2 Ndf6 42. Qe2 Nxf2 43. Bxf2 Ne4 44. Be1 Qf4 45. Rf3 Qxf3+ 46. Qxf3 Rxf3 47. Kxf3 g5 48. c4 Nd6 49. c5 bxc5 50. dxc5 Nc4 51. b5 cxb5 52. c6 Ne5+ 53. Ke3 Nxc6 54. h4 Kg7 55. hxg5 hxg5 56. Bc3+ Kf7 57. Kd3 Ke6 58. Bb2 Ne5+ 59. Bxe5 Kxe5 60. Ke3 0-1

[Event "Koszalin op"]
[Site "Koszalin"]
[Date "2012.??.??"]
[Round "9"]
[White "Sowinski, Ryszard"]
[Black "Niedbal, Piotr"]
[Result "0-1"]
[WhiteElo "1569"]
[BlackElo "1633"]
[PlyCount "68"]
[EventDate "2012.01.06"]
[EventType "swiss"]
[EventRounds "9"]
[EventCountry "POL"]
[SourceTitle "CBM 146 Extra"]
[Source "ChessBase"]
[SourceDate "2012.02.29"]
[SourceVersion "1"]
[SourceVersionDate "2012.02.29"]
[SourceQuality "1"]

1. f4 d5 2. Nf3 Nf6 3. e3 Nc6 4. Be2 d4 5. 0-0 dxe3 6. dxe3 Qxd1 7. Rxd1 Bf5 8. a3 Bxc2 9. Rd2 Bf5 10. Nc3 a6 11. b4 Ne4 12. Nxe4 Bxe4 13. Bb2 Rg8 14. Rc1 h6 15. Ne1 e6 16. Bf3 Bxf3 17. Nxf3 Rd8 18. Rcd1 Rxd2 19. Rxd2 Bd6 20. g3 f6 21. e4 e5 22. f5 Kf7 23. Nh4 Rd8 24. Kf2 Be7 25. Rxd8 Bxd8 26. Ke3 Be7 27. Kd3 Ke8 28. Kc4 Kd7 29. Ng6 Bd6 30. Kd5 Ne7+ 31. Nxe7 Kxe7 32. Bc1 Kd7 33. Be3 b5 34. Bc5 c6# 0-1